000 01092nmm a2200349 a 4500
003 AR-BaBNM
005 20251128210307.0
008 021020s[199 ||||||||||||||000 | spa||
020 _a987-99684-1-7
040 _cAR-BaBNM
100 1 _aIglesia, Mabel Mercedes de la
245 1 0 _aOrtografía
_buna nueva propuesta
250 _a1ª ed.
260 _aBahía Blanca
_bEdiciones Educativas
_c[1998]
300 0 _a200 p.
_bil.
504 _aBibliografía p. 199-200
650 4 _aENSENANZA DE LA ORTOGRAFIA
650 4 _aMETODOS DE ENSENANZA
650 4 _aACTIVIDADES INTEGRADAS
650 4 _aACTIVIDADES DE APRENDIZAJE
650 4 _aVOCABULARIO
653 0 _aENSENANZA DE LA LENGUA
653 0 _aPROCESO DE ENSENANZA-APRENDIZAJE
700 1 _aFraile de García, Perla
_ecolaborador
700 1 _aIglesia de Chaina, Perla de la
_ecolaborador
700 1 _aArrigo Borromei, Sergio
_ecolaborador
700 1 _aBasualdo, Federico
_ecolaborador
700 1 _aTafetani, Graciela
_ecolaborador
700 1 _aCristiansen, Jorge
_ecolaborador
942 _cBK
998 _cCarmen
999 _c14828
_d14828